Kraj po Graniczących Krajach - Statystyki

Ogólne statystyki
  • Ten quiz został rozwiązany 15 razy
  • Średni wynik to 10 z 12
Statystyki odpowiedzi
Hint Odpowiedź % Poprawnych
Peru, Boliwia, Argentyna Chile
100%
Stany Zjednoczone, Dania Kanada
93%
Estonia, Rosja, Białoruś, Litwa Łotwa
93%
Niemcy, Czechy, Słowacja, Ukraina, Białoruś, Litwa, Rosja Polska
93%
Hiszpania, Andora, Monako, Włochy, Szwajcaria, Niemcy, Luksemburg, Belgia, Holandia, Brazylia, Surinam Francja
87%
Arabia Saudyjska Katar
87%
Panama, Wenezuela, Brazylia, Peru, Ekwador Kolumbia
87%
Rosja, Chiny Mongolia
87%
Pakistan, Chiny, Nepal, Bhutan, Mjanma, Bangladesz Indie
80%
Tunezja, Algieria, Niger, Czad, Sudan, Egipt Libia
80%
Nigeria, Czad, Republika Środkowoafrykańska, Kongo, Gabon, Gwinea Równikowa Kamerun
67%
Nikaragua, Panama Kostaryka
67%
Nie znaleziono quizów pasujących do podanych kryteriów
Rozkład punktacji
Procent ludzi z każdym wynikiem
Percentyl według liczby udzielonych odpowiedzi
Twoja historia wyników
Nie rozwiązałeś tego quizu